000 01691nam a2200241Ia 4500
008 260220t1977||||xx |||||||||||||| ||spa||
040 _aPY-SlUNAC
_bspa
_erda
041 _aspa
082 _a036
_bD547d
245 0 _aDiccionario enciclopedia KRONOS
264 _aBuenos Aires :
_bJuan C. Granda,
_c℗1977.
300 _a1 volumen
490 _a
_vvolumen 1
520 _aEl "Diccionario Enciclopedia KRONOS", publicado en 1977 por Juan C. Granda en Buenos Aires, es una obra ambiciosa que busca compendiar y sintetizar el conocimiento humano en un formato accesible y comprensible. Este diccionario enciclopédico abarca una amplia gama de temas, incluyendo historia, ciencia, arte, tecnología y cultura, organizando la información de manera que facilite la consulta y el aprendizaje. Cada entrada está diseñada para ofrecer no solo definiciones precisas, sino también un contexto más amplio que permite al lector comprender la relevancia y las conexiones entre los conceptos. A través de su enfoque interdisciplinario, KRONOS se presenta como una herramienta valiosa para estudiantes, académicos y cualquier persona interesada en expandir su conocimiento general. La obra refleja el espíritu de la época en que fue publicada, caracterizada por una búsqueda de información más democratizada y accesible, destacando la importancia del saber en la formación de una sociedad más informada y crítica.
653 _aDiccionarios
653 _aEnciclopedias
653 _aReferencias bibliográficas
942 _b2026/02/17
_cBK
999 _c6695
_d6695